[Event "Tourn. n8252"]
[Site "www.chess-mail.com"]
[Date "2015.07.20"]
[Round "1"]
[White "Greghghs"]
[Black "Woodpusher2"]
[WhiteElo "2380"]
[BlackElo "2610"]
[Result "1-0"]
[Round "1"]
1.e4 e6
2.d4 d5
3.Nb1d2 h6
4.Ng1f3 Ng8f6
5.exd5 exd5
6.Bf1d3 Bf8d6
7.Nd2f1 O-O
8.Nf1e3 c5
9.dxc5 Bd6xc5
10.O-O Nb8c6
11.a3 a5
12.h3 Rf8e8
13.Rf1e1 Bc8e6
14.Ne3f1 Qd8b6
15.Nf1e3 Ra8d8
16.b3 Nf6e4
17.Bc1b2 f5
18.b4 axb4
19.axb4 Bc5xb4
20.c3 Ne4xf2
21.Kxf2 Bb4c5
22.Nf3d4  { time }
1-0

[Event "Tourn. n8206"]
[Site "www.chess-mail.com"]
[Date "2015.07.20"]
[Round "1"]
[White "Swampcat"]
[Black "Oliverio"]
[WhiteElo "1480"]
[BlackElo "1690"]
[Result "0-1"]
[Round "1"]
1.e4 e5
2.Ng1f3 Nb8c6
3.Bf1c4 Bf8c5
4.c3 Ng8f6
5.d4 exd4
6.cxd4 Bc5b4
7.Bc1d2 Nf6xe4
8.Bd2xb4 Nc6xb4
9.Qd1e2 d5
10.Nb1c3 O-O
11.Bc4b3 Rf8e8
12.O-O Ne4xc3
13.Qe2d2 Nc3e2
14.Kh1 Nb4c6
15.Rf1e1 Ne2xd4
16.Re1xe8 Qd8xe8
17.Nf3xd4 Nc6xd4
18.Qd2xd4 c6
19.Qd4d2 Bc8f5
20.Ra1e1 Qe8d8
21.Bb3c2 Qd8f6
22.Bc2xf5 Qf6xf5
23.Qd2e2 Qf5d7
24.Kg1 Kf8
 { time }
0-1

[Event "Tourn. n8270"]
[Site "www.chess-mail.com"]
[Date "2015.07.20"]
[Round "1"]
[White "Vite"]
[Black "Imkrebsgang"]
[WhiteElo "1980"]
[BlackElo "1890"]
[Result "1-0"]
[Round "1"]
1.e4 e5
2.Ng1f3 Ng8f6
3.Nb1c3 Nb8c6
4.Bf1c4 Nc6a5
5.Bc4b3 Na5xb3
6.axb3 Bf8c5
7.O-O O-O
8.Nf3xe5 d6
9.Ne5f3 Rf8e8
10.Rf1e1 b6
11.d4 Bc5b4
12.Bc1d2 Bc8b7
13.e5 Nf6d5
14.Nc3xd5  { time }
1-0

[Event "Tourn. n8270"]
[Site "www.chess-mail.com"]
[Date "2015.07.20"]
[Round "1"]
[White "Vite"]
[Black "Gene4267"]
[WhiteElo "1980"]
[BlackElo "2070"]
[Result "1/2-1/2"]
[Round "1"]
1.e4 e6
2.d4 d5
3.exd5 exd5
4.Bf1d3 Bf8d6
5.Ng1e2 Ng8e7
6.Bc1f4 Bc8f5
7.O-O O-O
8.c3 c6
9.Rf1e1 Rf8e8
10.Bd3xf5 Ne7xf5
11.Nb1d2 Nb8d7
12.Qd1c2 Qd8f6
13.Bf4xd6 Nf5xd6
14.Nd2f3 { draw }
1/2-1/2

[Event "Tourn. n8119"]
[Site "www.chess-mail.com"]
[Date "2015.07.20"]
[Round "1"]
[White "Theboss"]
[Black "Bluetealeaf"]
[WhiteElo "1780"]
[BlackElo "1740"]
[Result "0-1"]
[Round "1"]
1.d4 d5
2.Ng1f3 f6
3.Nb1c3 c6
4.e4 Bc8e6
5.e5 Nb8d7
6.h3 Qd8a5
7.Bf1d3 g5
8.O-O h5
9.Bd3g6 Kd8
10.Bg6d3 g4
11.Nf3h4 Ng8h6
12.a3 gxh3
13.b4 Qa5b6
14.Bc1xh6 Rh8xh6
15.Nc3e2 Be6g4
16.Qd1d2 Qb6xd4
17.Ne2xd4 fxe5
18.Nd4f5 Rh6f6
19.Qd2g5 e4
20.Nf5e3 Bf8h6
21.Qg5g8 Nd7f8
22.Bd3xe4 dxe4
23.Ra1d1 Bg4xd1
24.Rf1xd1 Kc7
25.gxh3 Rf6f4
26.Nh4f5 Ra8c8
27.Nf5xh6 Nf8d7
28.Qg8g5 Rf4f6
29.Qg5xh5 Rc8f8
30.Ne3f5 b5
31.Nf5xe7 Rf8h8
32.Ne7g8 Rf6e6
33.Qh5f5 Nd7f8
34.Qf5f4 Kb7
35.Qf4xf8 Rh8h7
36.Qf8c5 { time. }
0-1

[Event "Tourn. n8252"]
[Site "www.chess-mail.com"]
[Date "2015.07.20"]
[Round "1"]
[White "Brigs"]
[Black "Greghghs"]
[WhiteElo "2490"]
[BlackElo "2380"]
[Result "1/2-1/2"]
[Round "1"]
1.e4 c5
2.Ng1f3 d6
3.d4 cxd4
4.Nf3xd4 Ng8f6
5.Nb1c3 Nb8c6
6.Bc1g5 Bc8d7
7.Qd1d2 Ra8c8
8.O-O-O Nc6xd4
9.Qd2xd4 Qd8a5
10.f4 Rc8xc3
11.bxc3 e5
12.fxe5 dxe5
13.Qd4d3 Qa5b6
14.c4 Bf8c5
15.Qd3g3 Bc5d4
16.Rd1xd4 Qb6xd4
17.Bg5xf6 gxf6
18.Qg3g7 Rh8f8
19.Kb1 Ke7
20.Bf1e2 Rf8c8
21.Rh1d1 Qd4b6
22.Ka1 Bd7e6
23.Qg7g3 Qb6c5
24.Qg3d3 Be6xc4
25.Qd3d7 Kf8
26.Be2xc4 Qc5xc4
27.Qd7d6 Ke8
28.Qd6d7 Kf8
29.Qd7d6 Ke8
{ draw }
1/2-1/2

[Event "Tourn. n8160"]
[Site "www.chess-mail.com"]
[Date "2015.07.20"]
[Round "1"]
[White "Senitram"]
[Black "Aperturaf"]
[WhiteElo "2590"]
[BlackElo "2450"]
[Result "1-0"]
[Round "1"]
1.Ng1f3 d5
2.d4 e6
3.c4 Ng8f6
4.Nb1c3 c6
5.e3 dxc4
6.Bf1xc4 c5
7.O-O a6
8.dxc5 Qd8xd1
9.Rf1xd1 Bf8xc5
10.Bc4d3 Nb8c6
11.Bc1d2 O-O
12.Ra1c1 Rf8d8
13.Nc3a4 Bc5e7
14.Na4b6 Ra8b8
15.Nf3d4 Nc6xd4
16.exd4 Nf6d5
17.Nb6xd5 Rd8xd5
18.Bd2e3 Rd5d8
19.Bd3e4 b5
20.Be4c6 Bc8d7
21.Be3f4 Rb8c8
22.Bc6b7 Rc8xc1
23.Rd1xc1 Bd7e8
24.d5 Be7f6
25.Bf4c7 Bf6xb2
26.Rc1d1 Rd8d7
27.d6 f5
28.Rd1d3 Rd7f7
29.Rd3b3 Bb2f6
30.Bb7xa6 Rf7f8
31.Ba6xb5 Be8xb5
32.Rb3xb5 e5
33.Rb5b8 Rf8xb8
34.Bc7xb8 Kf7
35.a4 Ke6
36.a5 e4
37.a6 Bf6d4
38.h4 g6
39.a7 Bd4xa7
40.Bb8xa7 Kxd6
41.Kh2 Kd5
42.Kg3 Ke5
43.Ba7e3 { resign }
1-0

[Event "Tourn. n8196"]
[Site "www.chess-mail.com"]
[Date "2015.07.20"]
[Round "1"]
[White "Gene4267"]
[Black "Julianlore"]
[WhiteElo "2060"]
[BlackElo "1839"]
[Result "0-1"]
[Round "1"]
1.e4 c5
2.b3 Nb8c6
3.Bc1b2 d6
4.Bf1b5 Bc8d7
5.f4 a6
6.Bb5xc6 Bd7xc6
7.d3 d5
8.Nb1d2 dxe4
9.dxe4 Ng8f6
10.Qd1e2 Qd8a5
11.Ng1f3 c4
12.Bb2d4 Nf6xe4
13.O-O Ne4xd2
14.Nf3xd2 Qa5d5
15.c3 cxb3
16.axb3 e6
17.Nd2c4 Bf8c5
18.Ra1d1 O-O
19.b4 Bc5xd4
20.Rd1xd4 Qd5f5
21.Qe2d2 h6
22.Nc4e5 a5
23.bxa5 Ra8xa5
24.g3 Rf8a8
25.Rd4d8 Kh7
26.Rd8xa8 Ra5xa8
27.Rf1e1 h5
28.c4 g6
29.Ne5xc6 bxc6
30.Qd2e2 Ra8a5
31.Qe2e4 Qf5c5
32.Kg2 Ra5a3
33.Re1c1 Ra3e3
34.Qe4c2 h4
35.Qc2f2 h3
{ resign }
0-1

[Event "Tourn. n8222"]
[Site "www.chess-mail.com"]
[Date "2015.07.20"]
[Round "1"]
[White "Drharislacan"]
[Black "Bigrezi"]
[WhiteElo "1699"]
[BlackElo "1760"]
[Result "0-1"]
[Round "1"]
1.e4 g6
2.d4 Bf8g7
3.Nb1c3 e6
4.Ng1f3 Ng8e7
5.h4 h5
6.Bc1g5 O-O
7.Qd1d2 d6
8.Bg5xe7 Qd8xe7
9.Nc3d5 exd5
10.g4 Bc8xg4
11.Qd2d3 dxe4
12.Nf3e5 dxe5
13.Qd3f3 Bg4xf3
14.Rh1h3 Qe7b4
 { time }
0-1

[Event "Tourn. n8031"]
[Site "www.chess-mail.com"]
[Date "2015.07.20"]
[Round "1"]
[White "Blackpool"]
[Black "Falcoale"]
[WhiteElo "1910"]
[BlackElo "1870"]
[Result "0-1"]
[Round "1"]
1.c4 c5
2.Nb1c3 e6
3.Ng1f3 Ng8f6
4.d4 cxd4
5.Nf3xd4 Bf8b4
6.Bc1d2 a6
7.e3 O-O
8.Bf1e2 Nb8c6
9.O-O d5
10.cxd5 Nf6xd5
11.Nc3xd5 Bb4xd2
12.Qd1xd2 Qd8xd5
13.Rf1d1 Nc6xd4
14.Qd2xd4 Qd5xd4
15.Rd1xd4 b5
16.Be2f3 Ra8b8
17.Ra1c1 Bc8b7
18.Bf3xb7 Rb8xb7
19.Rc1c6 a5
20.g3 e5
21.Rd4d6 a4
22.Rc6b6 Rb7xb6
23.Rd6xb6 Rf8a8
24.Rb6xb5 f6
25.b3 axb3
26.axb3 Kf7
27.b4 Ke6
28.Rb5b7 Ra8a1
29.Kg2 Ra1b1
30.Rb7xg7 Rb1xb4
31.Rg7xh7 Rb4a4
32.h4 Kf5
33.Kf3 e4
34.Kg2 Kg6
35.Rh7c7 Ra4b4
36.Rc7c5 Rb4b2
37.g4 Rb2a2
38.Rc5c4 f5
39.gxf5 { time. }
0-1

[Event "Tourn. n8282"]
[Site "www.chess-mail.com"]
[Date "2015.07.20"]
[Round "1"]
[White "Mitja"]
[Black "Zazi"]
[WhiteElo "1660"]
[BlackElo "1630"]
[Result "1-0"]
[Round "1"]
1.d4 Nb8c6
2.e3 d5
3.h3 Ng8f6
4.Ng1f3 Nf6e4
5.Nb1d2 Qd8d6
6.Nd2xe4 dxe4
7.Nf3d2 f5
8.c3 Bc8e6
9.Nd2c4 Be6xc4
10.Bf1xc4 O-O-O
11.Bc4b5 e5
12.Bb5xc6 Qd6xc6
13.Qd1c2 exd4
14.exd4 Rd8xd4
15.Bc1e3 Rd4d7
16.O-O Bf8d6
17.Ra1d1 f4
18.Be3d2 f3
19.gxf3 exf3
20.Rf1e1 Rd7e7
21.Re1xe7 Bd6xe7
22.Qc2f5 Kb8
23.Qf5f7 Be7h4
24.Qf7xg7 Bh4f6
25.Qg7g4 h5
26.Qg4g3 Rh8h7
27.Qg3g8 { resign }
1-0

[Event "Tourn. n8282"]
[Site "www.chess-mail.com"]
[Date "2015.07.20"]
[Round "1"]
[White "Picifarkinca"]
[Black "Zazi"]
[WhiteElo "1820"]
[BlackElo "1630"]
[Result "0-1"]
[Round "1"]
1.Ng1f3 c5
2.c4 Nb8c6
3.d4 Ng8f6
4.d5 Nc6a5
5.b3 g6
6.Bc1b2 Qd8b6
7.e3 Rh8g8
8.Nb1c3 Bf8g7
9.Bf1d3 e6
10.e4 exd5
11.exd5 d6
12.O-O Bc8g4
13.Qd1e1 Kd7
14.Nf3d2 Ra8e8
15.Qe1b1 Nf6h5
16.f3 Bg4f5
17.Bd3xf5 gxf5
18.Qb1xf5 Kc7
19.Qf5xh5 h6
20.Qh5xf7 Kb8
21.Nc3a4 Qb6b4
22.Bb2xg7 Qb4xd2
23.Bg7c3 Qd2xg2

0-1

[Event "Tourn. n8282"]
[Site "www.chess-mail.com"]
[Date "2015.07.20"]
[Round "1"]
[White "Zazi"]
[Black "Attatroll"]
[WhiteElo "1630"]
[BlackElo "1870"]
[Result "0-1"]
[Round "1"]
1.c4 f5
2.Nb1c3 Ng8f6
3.Qd1c2 d6
4.d4 g6
5.d5 Bf8g7
6.Bc1g5 O-O
7.Ng1f3 a6
8.Nf3d4 h6
9.Bg5xf6 Bg7xf6
10.Nd4e6 Bc8xe6
11.dxe6 Nb8c6
12.Ra1d1 Nc6d4
13.Qc2c1 Nd4xe6
14.Qc1xh6 Kf7
15.Rh1g1 Qd8d7
16.g4 Rf8h8
17.Qh6e3 Rh8xh2
18.Bf1h3 Bf6d4
19.Rd1xd4 Ne6xd4
20.Qe3xd4 Rh2xh3
21.Qd4d5 e6
22.Qd5xb7 Ra8h8
23.gxf5 exf5
24.Qb7xa6 Rh3h1
25.Rg1xh1 Rh8xh1
26.Kd2 Qd7e6
27.Nc3d5 Qe6e4
28.Qa6c6 Qe4d4
29.Kc2 Qd4d1
30.Kc3 Qd1e1
31.Kb3 Rh1h3
32.Ka4 Qe1d1
33.b3 Qd1a1
34.Qc6xc7 Kf8
35.Qc7xd6 Kg7
36.a3 Qa1b2
37.Qd6c7 Kh6
38.f3 Qb2xe2
39.Nd5f4 Qe2e8
40.Kb4 Rh3xf3
41.Nf4d5 Qe8f8
42.c5 Rf3d3
43.Nd5e7 Qf8f7
44.c6 Qf7xb3
45.Kc5 Qb3xa3
46.Kc4 Qa3b3
47.Kc5 Qb3c2
48.Kb6 Rd3b3
49.Ka6 Qc2a2
50.Qc7a5 Rb3a3
51.Qa5xa3 Qa2xa3
52.Kb6 Qa3xe7
53.c7 Qe7xc7
54.Kxc7 f4
55.Kd6 f3
56.Ke5 f2
57.Kf6 f1Q
58.Ke7 Qf1f5
59.Ke8 Kg7
60.Kd8 Qf5f7
61.Kc8 Kf6
62.Kd8 Ke6
63.Kc8 Kd6
64.Kb8 Kc6
65.Ka8 Qf7b7

0-1

[Event "Tourn. n8177"]
[Site "www.chess-mail.com"]
[Date "2015.07.20"]
[Round "1"]
[White "Cardiff"]
[Black "Hrob71"]
[WhiteElo "2030"]
[BlackElo "2050"]
[Result "0-1"]
[Round "1"]
1.d4 d5
2.Ng1f3 Ng8f6
3.Nb1c3 c6
4.g3 e6
5.Bf1g2 Bf8d6
6.O-O Nb8d7
7.Bc1g5 O-O
8.e4 e5
9.exd5 cxd5
10.Nc3xd5 h6
11.Bg5xf6 gxf6
12.Rf1e1 b6
13.dxe5 Nd7xe5
14.Nf3xe5 Bd6xe5
15.Qd1h5 Kh7
16.Ra1d1 Bc8d7
17.Bg2e4 Kg7
18.Be4f5 Bd7xf5
19.Qh5xf5 Qd8c8
 { time }
0-1

[Event "Tourn. n8182"]
[Site "www.chess-mail.com"]
[Date "2015.07.20"]
[Round "1"]
[White "Hrob71"]
[Black "Masterchess"]
[WhiteElo "2050"]
[BlackElo "1860"]
[Result "1-0"]
[Round "1"]
1.e4 g6
2.d4 Bf8g7
3.f4 d5
4.e5 Ng8h6
5.Ng1f3 e6
6.Nb1c3 a6
7.Bf1e2 Nb8c6
8.O-O Nh6f5
9.g4 Nf5h4
10.Bc1e3 Nh4xf3
11.Be2xf3 O-O
12.Qd1d2 b5
13.a3 Bc8b7
14.Kg2 Qd8d7
15.f5 gxf5
16.gxf5 Nc6a5
17.f6 Bg7h8
18.Be3h6 { resign }
1-0

[Event "Tourn. n8182"]
[Site "www.chess-mail.com"]
[Date "2015.07.20"]
[Round "1"]
[White "Masterchess"]
[Black "Attatroll"]
[WhiteElo "1860"]
[BlackElo "1920"]
[Result "1-0"]
[Round "1"]
1.d4 f5
2.h3 Ng8f6
3.g4 fxg4
4.hxg4 Nf6xg4
5.Qd1d3 Ng4f6
6.Rh1xh7 e6
7.Rh7xh8 Kf7
8.c3 Nb8c6
9.Ng1f3 d5
10.Nf3g5 Ke7
11.Qd3g6 Qd8e8
12.Qg6xe8 Kxe8
13.Bf1h3 e5
14.Bh3xc8 Ra8xc8
15.Ng5e6 Ke7
16.Ne6xf8 Rc8xf8
17.Rh8xf8 Kxf8
18.dxe5 Nc6xe5
19.Bc1f4 Ne5c4
20.b3 { resign }
1-0

[Event "Tourn. n8151"]
[Site "www.chess-mail.com"]
[Date "2015.07.20"]
[Round "1"]
[White "Seger"]
[Black "Roqueur"]
[WhiteElo "2690"]
[BlackElo "2600"]
[Result "1-0"]
[Round "1"]
1.d4 Ng8f6
2.c4 e6
3.e3 Bf8b4
4.Bc1d2 c5
5.Bd2xb4 cxb4
6.Ng1f3 O-O
7.Bf1d3 d6
8.O-O b6
9.a3 bxa3
10.b4 Bc8b7
11.Nb1xa3 a6
12.Qd1e2 Rf8e8
13.Nf3d2 h6
14.Rf1b1 e5
15.d5 e4
16.Bd3c2 Nb8d7
17.Bc2b3 Qd8c7
18.h3 Ra8c8
19.Na3c2 Nd7e5
20.Nc2d4 Kh8
21.Qe2f1 Kg8
22.Ra1a3 g6
23.Rb1a1 Kg7
24.Qf1b1 Kh7
25.Ra3a2 Qc7e7
26.b5 a5
27.Nd4c6 Qe7f8
28.Bb3c2 Nf6d7
29.Nd2xe4 f5
30.Ne4d2 Nd7c5
31.Ra2a3 Qf8f6
32.f4 Ne5d7
33.Kh1 Rc8c7
34.Qb1g1 Bb7c8
35.g4 fxg4
36.Qg1xg4 Nd7f8
37.Qg4f3 Rc7f7
38.Kh2 Bc8d7
39.Nc6d4 Rf7g7
40.Ra1g1 Kh8
41.Qf3g3 Re8e7
42.Ra3a2 Nf8h7
43.Rg1g2 Bd7c8
44.Qg3f2 Rg7g8
45.Ra2a1 g5
46.f5 Qf6e5
47.Qf2g3 Nh7f6
48.Qg3xe5 Re7xe5
49.Ra1e1 Re5e8
50.e4 Nc5d7
{ time. }
1-0

[Event "Tourn. n8203"]
[Site "www.chess-mail.com"]
[Date "2015.07.20"]
[Round "1"]
[White "Liencam2"]
[Black "Libiesse"]
[WhiteElo "2290"]
[BlackElo "2010"]
[Result "0-1"]
[Round "1"]
1.e4 c5
2.Nb1c3 e6
3.Ng1f3 a6
4.d4 cxd4
5.Nf3xd4 Nb8c6
6.Bf1e2 Qd8c7
7.Bc1e3 Ng8f6
8.a3 b5
9.f4 d6
10.Nd4xc6 Qc7xc6
11.Be2f3 e5
12.O-O Bf8e7
13.Qd1e1 O-O
14.Qe1g3 Kh8
15.fxe5 dxe5
16.Qg3xe5 Be7d6
17.Qe5g5 h6
18.Qg5h4 Bd6c5
19.Qh4f2 Nf6g4
20.Be3xc5 Ng4xf2
21.Bc5xf8 Nf2g4
22.Bf3xg4 Bc8xg4
23.Rf1xf7 Bg4h3
24.Bf8xg7 Kg8
25.Ra1f1 Qc6c5
26.Kh1 Bh3e6
27.Rf7f8 Ra8xf8
28.Bg7xf8 Qc5c4
29.Rf1f2 h5
30.e5 Qc4d4
31.Rf2e2 Qd4f4
32.Bf8c5 Qf4c1
33.Bc5g1 Qc1xb2
34.a4 Qb2xc3
35.axb5 Qc3c4
{ resign }
0-1

[Event "Tourn. n8167"]
[Site "www.chess-mail.com"]
[Date "2015.07.20"]
[Round "1"]
[White "Falcoale"]
[Black "Llcervello"]
[WhiteElo "1860"]
[BlackElo "1670"]
[Result "1-0"]
[Round "1"]
1.e4 e5
2.Ng1f3 Nb8c6
3.d4 f6
4.d5 Nc6b4
5.a3 Nb4a6
6.Bf1c4 Na6c5
7.Nb1c3 d6
8.h3 g5
9.Bc1e3 Nc5d7
10.h4 Bf8h6
11.Qd1d2 c5
12.Nc3b5 Qd8b6
13.hxg5 Bh6xg5
14.Nf3xg5 h6
15.Ng5e6 Ra8b8
16.a4 a5
17.Ne6g7 Kf7
18.Ng7f5 h5
19.Nf5xd6 Kf8
20.O-O-O Kg7
21.Qd2e2 h4
22.Qe2g4 Kf8
23.Rh1xh4 Rh8xh4
24.Qg4g6 Ke7
25.Qg6f7 Kd8
26.Qf7xg8 Ke7
27.Qg8e8 { resign }
1-0

[Event "Tourn. n8055"]
[Site "www.chess-mail.com"]
[Date "2015.07.20"]
[Round "1"]
[White "Stepanpech"]
[Black "Snebur56"]
[WhiteElo "2420"]
[BlackElo "2360"]
[Result "0-1"]
[Round "1"]
1.e4 e5
2.Ng1f3 Nb8c6
3.Bf1b5 a6
4.Bb5a4 Ng8f6
5.O-O Bf8e7
6.Rf1e1 b5
7.Ba4b3 d6
8.c3 O-O
9.h3 Nc6a5
10.Bb3c2 c5
11.d4 Qd8c7
12.Nb1d2 cxd4
13.cxd4 Na5c6
14.Nd2b3 a5
15.Bc1e3 a4
16.Nb3d2 Bc8d7
17.Ra1c1 Qc7b7
18.Qd1e2 Rf8c8
19.a3 h6
20.Re1d1 b4
21.Bc2b1 bxa3
22.bxa3 Ra8b8
23.Bb1d3 Qb7a8
24.d5 Nc6a5
25.Qe2f1 Rc8xc1
26.Rd1xc1 Rb8b7
27.Rc1b1 Qa8b8
28.Rb1xb7 Qb8xb7
29.Qf1b1 { time. }
0-1

[Event "Tourn. n8108"]
[Site "www.chess-mail.com"]
[Date "2015.07.20"]
[Round "1"]
[White "Jesmantiz"]
[Black "Jaroslavpech"]
[WhiteElo "2270"]
[BlackElo "2340"]
[Result "0-1"]
[Round "1"]
1.d4 Ng8f6
2.e3 d5
3.Bf1d3 c5
4.c3 Nb8c6
5.f4 Qd8c7
6.a3 c4
7.Bd3c2 g6
8.Nb1d2 Bc8f5
9.Bc2xf5 gxf5
10.Nd2f3 Rh8g8
11.Qd1e2 e6
12.Ng1h3 Bf8e7
13.O-O O-O-O
14.Nf3e5 Rg8g7
15.Kh1 Nc6a5
16.Nh3g5 Be7d6
17.Bc1d2 Rd8g8
18.Rf1g1 Nf6e4
19.Ng5xe4 fxe4
20.Ra1f1 f6
21.Bd2e1 fxe5
22.fxe5 Bd6e7
23.Qe2h5 Be7g5
24.Qh5h3 Rg7g6
25.g4 Qc7g7
26.Rg1g2 Rg6h6
27.Qh3f3 exf3
28.Rf1xf3 { time. }
0-1

[Event "Tourn. n8282"]
[Site "www.chess-mail.com"]
[Date "2015.07.20"]
[Round "1"]
[White "Attatroll"]
[Black "Mitja"]
[WhiteElo "1870"]
[BlackElo "1660"]
[Result "1-0"]
[Round "1"]
1.g3 d5
2.Bf1g2 c6
3.d4 e6
4.Ng1f3 h6
5.O-O Ng8f6
6.c3 Nb8d7
7.Rf1e1 Bf8d6
8.Nb1d2 Nd7b6
9.b3 Bd6c7
10.e4 dxe4
11.Nd2xe4 Nf6xe4
12.Re1xe4 Nb6d5
13.Qd1e1 O-O
14.Nf3e5 Nd5f6
15.Re4e2 Qd8e7
16.Bc1f4 Nf6d5
17.Qe1d2 Nd5xf4
18.Qd2xf4 Qe7e8
19.Bg2e4 f6
20.Be4g6 Qe8e7
21.Qf4h4 Qe7d8
22.Ne5g4 Bc8d7
23.Ra1e1 Bd7e8
24.Bg6xe8 Rf8xe8
25.Re2xe6 Re8xe6
26.Re1xe6 c5
27.Ng4e3 cxd4
28.cxd4 Bc7b6
29.Re6e4 Ra8c8
30.Qh4g4 Rc8c7
31.Ne3f5 Rc7d7
32.Nf5xh6 Kf8
33.Nh6f5 Kf7
34.Qg4h5 g6
35.Qh5h7 Kf8
36.Qh7h8 { resign }
1-0

[Event "Tourn. n8107"]
[Site "www.chess-mail.com"]
[Date "2015.07.20"]
[Round "1"]
[White "Servant"]
[Black "4knights"]
[WhiteElo "1640"]
[BlackElo "1690"]
[Result "0-1"]
[Round "1"]
1.d4 Ng8f6
2.Bc1g5 Nf6e4
3.Bg5f4 c5
4.f3 Qd8a5
5.c3 Ne4f6
6.dxc5 Qa5xc5
7.Qd1d4 Qc5b5
8.c4 Qb5b4
9.Bf4d2 Nb8c6
10.Bd2xb4 Nc6xd4
11.Nb1a3 d6
12.e3 Nd4c6
13.Bb4c3 e5
14.O-O-O Bf8e7
15.Na3b5 O-O
16.Nb5xd6 Rf8d8
17.Nd6xc8 Rd8xd1
18.Kxd1 Ra8xc8
19.Ke1 Rc8d8
20.Bf1e2 Be7b4
21.Bc3xb4 Nc6xb4
22.a3 Nb4c2
23.Kf2 e4
24.Ng1h3 h6
25.Rh1d1 Rd8xd1
26.Be2xd1 exf3
27.gxf3 Nc2a1
28.Ke1 Nf6d7
29.Kd2 Nd7e5
30.Kc3 Kf8
31.f4 Ne5g6
32.b4 Ng6h4
33.Kb2 Nh4f5
34.Kxa1 Nf5xe3
35.Bd1b3 Ne3f1
36.b5 b6
37.Kb2 Nf1xh2
38.a4 Nh2f3
39.Kc3 Ke7
40.Kb4 Kd6
41.a5 Nf3d4
42.axb6 axb6
43.Nh3f2 f5
 { time }
0-1

[Event "Tourn. n8142"]
[Site "www.chess-mail.com"]
[Date "2015.07.20"]
[Round "1"]
[White "Syd"]
[Black "Ffdd65"]
[WhiteElo "2180"]
[BlackElo "2160"]
[Result "0-1"]
[Round "1"]
1.e4 e5
2.Ng1f3 d6
3.d4 Nb8c6
4.Bf1c4 h6
5.dxe5 dxe5
6.Qd1xd8 Nc6xd8
7.Nf3xe5 Bc8e6
8.Nb1c3 Be6xc4
9.Ne5xc4 Nd8e6
10.Bc1d2 Ne6d4
11.O-O-O Bf8b4
12.Nc3d5 Bb4xd2
13.Rd1xd2 Nd4e6
14.Rh1d1 O-O-O
15.g3 Ng8f6
16.Nd5xf6 Rd8xd2
17.Rd1xd2 gxf6
18.f4 Rh8e8
19.c3 Ne6c5
20.e5 b5
21.Rd2d5 Nc5d3
22.Rd5xd3 bxc4
23.Rd3d5 fxe5
24.fxe5 Kb7
25.Rd5c5 Kb6
 { time }
0-1

[Event "Tourn. n8268"]
[Site "www.chess-mail.com"]
[Date "2015.07.20"]
[Round "1"]
[White "Zazi"]
[Black "Caspito"]
[WhiteElo "1630"]
[BlackElo "1760"]
[Result "1-0"]
[Round "1"]
1.c4 d5
2.Nb1a3 a6
3.Qd1a4 c6
4.Qa4b3 Ng8f6
5.f4 e6
6.d3 d4
7.e3 c5
8.g3 Nf6g4
9.Qb3a4 Bc8d7
10.Qa4b3 Bd7c6
11.e4 e5
12.Bf1h3 Bc6d7
13.Qb3xb7 Bd7c6
14.Qb7b3 Nb8d7
15.Bh3xg4 Nd7f6
16.h3 Qd8a5
17.Bc1d2 Qa5c7
18.Ng1f3 Nf6xg4
19.hxg4 Qc7d7
20.Qb3c2 Qd7xg4
21.Nf3xe5 Qg4xg3
22.Kd1 Bf8d6
23.Rh1e1 Bd6xe5
24.fxe5 Qg3xe5
25.Bd2c1 Bc6d7
26.Qc2g2 Qe5h5
27.Kc2 O-O
28.Re1h1 Qh5g6
29.Qg2h2 f5
30.e5 Bd7c6
31.Rh1g1 Qg6e6
32.Bc1h6 Ra8a7
33.Ra1f1 Rf8f7
34.Qh2h3 Ra7b7
35.Na3b1 Qe6xe5
36.Nb1d2 a5
37.Nd2f3 Qe5e2
38.Nf3d2 Bc6d7
39.Qh3h1 Bd7a4
40.b3 Ba4e8
41.Rg1g2 Qe2e7
42.Rf1e1 Qe7d8
43.Nd2f3 Kf8
44.Bh6g5 Qd8a8
45.Qh1xh7 Rf7c7
46.Qh7h8 Kf7
47.Nf3e5 Ke6
48.Ne5g6 Kf7
49.Qh8f8 { resign }
1-0

[Event "Tourn. n8276"]
[Site "www.chess-mail.com"]
[Date "2015.07.20"]
[Round "1"]
[White "Neo"]
[Black "Olddog55"]
[WhiteElo "1720"]
[BlackElo "1740"]
[Result "1/2-1/2"]
[Round "1"]
1.d4 d5
2.e3 Ng8f6
3.g3 g6
4.Bf1g2 Bf8g7
5.Ng1f3 O-O
6.O-O Nb8c6
7.Nf3e5 Bc8f5
8.b3 Qd8d6
9.Bc1a3 Qd6e6
10.Nb1c3 Ra8b8
11.Nc3b5 Rf8c8
12.Ne5xc6 bxc6
13.Nb5xa7 Rc8e8
14.Ba3c5 Nf6e4
15.c4 Rb8a8
16.cxd5 cxd5
17.Na7b5 Qe6c6
18.a4 Ne4xc5
19.Ra1c1 Qc6f6
20.Rc1xc5 c6
21.Nb5c7 e5
22.Nc7xe8 Ra8xe8
23.dxe5 Qf6xe5
24.Rc5xc6 Re8d8
25.Rc6c5 Bg7f8
26.Rc5b5 Bf5e6
27.a5 Qe5c7
28.a6 Qc7a7
29.Qd1a1 Be6c8
30.Rb5a5 Bf8g7
31.Qa1a2 d4
32.exd4 Bg7xd4
33.b4 Bc8e6
34.Qa2e2 Rd8c8
35.b5 Be6c4
36.Qe2c2 Rc8c5
37.Rf1e1 Bc4xb5
38.Re1e8 Bb5xe8
39.Ra5xc5 Bd4xc5
40.Bg2b7 Be8b5
41.Qc2a2 Qa7b8
42.Qa2d5 Qb8a7
43.Qd5d8 Kg7
44.Qd8d2 Bb5xa6
45.Bb7xa6 Qa7xa6
46.Qd2c3 Kg8
47.Qc3xc5 Qa6e2
48.Qc5c8 { draw }
1/2-1/2

[Event "Tourn. n8271"]
[Site "www.chess-mail.com"]
[Date "2015.07.20"]
[Round "1"]
[White "Jpmartinez"]
[Black "Neverless"]
[WhiteElo "2590"]
[BlackElo "2660"]
[Result "0-1"]
[Round "1"]
1.e4 c5
2.f4 e6
3.Ng1f3 d5
4.Bf1b5 Bc8d7
5.Bb5xd7 Nb8xd7
6.d3 Bf8d6
7.O-O Ng8e7
8.c4 O-O
9.Nb1c3 d4
10.Nc3e2 e5
11.f5 Ne7c6
12.Ne2g3 Nd7f6
13.Bc1g5 Bd6e7
14.Bg5xf6 Be7xf6
{ resign }
0-1

[Event "Tourn. n8108"]
[Site "www.chess-mail.com"]
[Date "2015.07.20"]
[Round "1"]
[White "Emmanuelasi"]
[Black "Jesmantiz"]
[WhiteElo "2340"]
[BlackElo "2270"]
[Result "1-0"]
[Round "1"]
1.e4 d6
2.d4 c6
3.Nb1d2 g6
4.Bf1d3 Bf8g7
5.Nd2f3 h6
6.h3 Nb8d7
7.Ng1e2 Nd7f8
8.O-O g5
9.c3 Nf8g6
10.Ne2g3 e5
11.Ng3h5 Bg7f8
12.Qd1e2 Ng8f6
13.Nh5xf6 Qd8xf6
14.Rf1e1 Ng6f4
15.Bc1xf4 gxf4
16.Kh2 Bc8d7
17.Ra1d1 Bf8e7
18.Bd3c4 h5
19.Qe2d2 O-O-O
20.Qd2c2 Rd8g8
21.Qc2a4 Qf6g6
22.Bc4f1 Bd7g4
23.Rd1d3 Bg4xf3
24.Rd3xf3 Kb8
25.d5 Rg8c8
26.c4 c5
27.Rf3a3 a6
28.Ra3b3 Ka7
29.Qa4d7 Rc8b8
30.Qd7xe7 f5
31.exf5 Qg6xf5
32.Qe7xd6 Rh8e8
33.Qd6xc5 Ka8
34.d6 Qf5f6
35.Rb3b6 Re8e6
36.Qc5d5 h4
37.Rb6xa6 
1-0

[Event "Tourn. n8181"]
[Site "www.chess-mail.com"]
[Date "2015.07.20"]
[Round "1"]
[White "Falcoale"]
[Black "Xandersonx"]
[WhiteElo "1810"]
[BlackElo "1829"]
[Result "0-1"]
[Round "1"]
1.e4 e6
2.Ng1f3 Ng8f6
3.Nb1c3 b6
4.Bf1c4 Bc8b7
5.d3 d5
6.exd5 exd5
7.Bc4b3 Bf8e7
8.O-O O-O
9.Bc1f4 Nb8a6
10.Nc3e2 Be7d6
11.Nf3d4 Bd6xf4
12.Ne2xf4 Bb7c8
13.Nd4b5 c6
14.Nb5d4 c5
15.Nd4e2 h6
16.c4 Bc8b7
17.Ne2g3 g6
18.Qd1c1 Kh7
19.h3 d4
20.a3 Qd8d6
21.Rf1e1 g5
22.Nf4h5 Nf6g8
23.Ng3f5 Qd6c6
24.f3 Ng8f6
25.Nh5xf6 Qc6xf6
26.Nf5g3 Ra8e8
27.Re1f1 Re8e3
28.Ng3e4 Qf6g6
29.Rf1e1 Re3xe1
30.Qc1xe1 f5
31.Ne4g3 Rf8e8
32.Qe1d2 g4
33.hxg4 fxg4
34.f4 Re8e3
35.f5 Qg6e8
36.Ng3f1 Re3e7
37.Bb3c2 Re7e2
38.Qd2c1 Re2xg2
{ resign }
0-1

[Event "Tourn. n8252"]
[Site "www.chess-mail.com"]
[Date "2015.07.20"]
[Round "1"]
[White "Woodpusher2"]
[Black "Brigs"]
[WhiteElo "2610"]
[BlackElo "2490"]
[Result "1-0"]
[Round "1"]
1.d4 d5
2.c4 e6
3.Ng1f3 c6
4.Qd1c2 Ng8f6
5.Nb1d2 dxc4
6.Nd2xc4 c5
7.g3 Nb8c6
8.Bf1g2 Nc6xd4
9.Nf3xd4 cxd4
10.O-O Bf8c5
11.b4 d3
12.exd3 Bc5d4
13.Bc1f4 Bd4xa1
14.Nc4d6 Kf8
15.Rf1xa1 Nf6d5
16.Bf4e5 f6
17.Be5d4 Kg8
18.Bd4c5 Qd8c7
19.Ra1e1 Nd5xb4
20.Qc2a4 Nb4c6
21.Qa4c4 g5
22.h4 Nc6d8
23.Qc4d4 { resign }
1-0

[Event "Tourn. n8252"]
[Site "www.chess-mail.com"]
[Date "2015.07.20"]
[Round "1"]
[White "Nimzo"]
[Black "Woodpusher2"]
[WhiteElo "2720"]
[BlackElo "2610"]
[Result "1-0"]
[Round "1"]
1.d4 Ng8f6
2.c4 e6
3.g3 c5
4.d5 exd5
5.cxd5 b5
6.e4 Nf6xe4
7.Bf1g2 Ne4d6
8.Ng1f3 Qd8e7
9.Bc1e3 Nd6c4
10.O-O Nc4xe3
11.fxe3 d6
12.e4 Nb8d7
13.e5 dxe5
14.Nb1c3 Ra8b8
15.Nc3e4 Rb8b6
16.Bg2h3 g6
17.d6 Rb6xd6
18.Ne4xd6 Qe7xd6
19.Bh3xd7 Bc8xd7
20.Nf3xe5 Qd6xd1
21.Ra1xd1 Bd7e6
22.Rd1e1  { time }
1-0